[Event "?"]
[Site "?"]
[Date "????.??.??"]
[Round "?"]
[White "Szenetra, W."]
[Black "Vinke, D."]
[Result "1/2-1/2"]
[WhiteElo "2186"]
[BlackElo "2225"]
[PlyCount "91"]
[EventDate "2013.??.??"]
[WhiteTeam "Widukind 1"]
[BlackTeam "Finnland"]

1. Nf3 Nf6 2. g3 g6 3. Bg2 Bg7 4. O-O O-O 5. d3 d5 6. Nbd2 Nc6 7. e4 e5 8. c3
h6 9. Re1 dxe4 10. dxe4 Be6 11. Qe2 Qe7 12. b4 Nd7 13. a4 Rfe8 14. Ba3 Qf6 15.
b5 Ncb8 16. c4 Bf8 17. Bb2 Bg4 18. h3 Bxf3 19. Nxf3 Bd6 20. h4 Nc5 21. Red1
Nbd7 22. Bh3 Qe7 23. Qe3 h5 24. Bxd7 Nxd7 25. Qh6 Qf6 26. Ng5 Qg7 27. Qxg7+
Kxg7 28. Ba3 Nc5 29. Bxc5 Bxc5 30. Rd7 Re7 31. Rad1 Rae8 32. R1d5 b6 33. Kg2
Bd6 34. Rxe7 Rxe7 35. f3 Re8 36. Kf2 f6 37. Nh3 Kf7 38. Ke2 Ke7 39. Nf2 a6 40.
a5 axb5 41. Rxb5 Ra8 42. Nd3 Ra6 43. c5 Bxc5 44. Nxc5 bxc5 45. Rxc5 c6 46. Rc2
1/2-1/2

[Event "?"]
[Site "?"]
[Date "????.??.??"]
[Round "?"]
[White "Morant, P."]
[Black "Rychlik, K."]
[Result "1/2-1/2"]
[WhiteElo "2166"]
[BlackElo "2098"]
[PlyCount "141"]
[EventDate "2013.??.??"]
[WhiteTeam "Finnland"]
[BlackTeam "Widukind 1"]

1. e4 g6 2. Nf3 Bg7 3. Nc3 d6 4. h3 a6 5. Bc4 e6 6. d4 Ne7 7. Bg5 b5 8. Be2 Nd7
9. O-O Bb7 10. a3 c5 11. d5 e5 12. b3 h6 13. Bxe7 Qxe7 14. Nd2 O-O 15. Bf3 f5
16. Ne2 Qh4 17. Ng3 f4 18. Ne2 Nf6 19. Kh2 Bc8 20. Ng1 Nh7 21. Bg4 h5 22. Be2
Qe7 23. c4 Nf6 24. Ngf3 Rb8 25. Qc2 Bh6 26. b4 cxb4 27. axb4 bxc4 28. Rfb1 g5
29. Nxc4 Kh7 30. Na5 Qg7 31. Ra3 g4 32. Nd2 Rg8 33. h4 g3+ 34. fxg3 fxg3+ 35.
Kh1 Ng4 36. Nf1 Qe7 37. Nc6 Qxh4+ 38. Kg1 Rb7 39. Rxg3 Rf7 40. Bxg4 Rxf1+ 41.
Kxf1 Qxg3 42. Bf5+ Bxf5 43. exf5 Qf4+ 44. Qf2 Rg4 45. Qxf4 Rxf4+ 46. Ke2 Rxf5
47. Ra1 e4 48. Rxa6 Rxd5 49. Ra7+ Kh8 50. Ra5 Rd2+ 51. Ke1 Rxg2 52. Rxh5 Kg7
53. Rd5 Bf4 54. Nd4 Be5 55. Ne2 Kf6 56. b5 Ke6 57. Rd2 Rh2 58. Nd4+ Kd7 59.
Rxh2 Bxh2 60. Ne2 d5 61. Kd2 Be5 62. Ke3 Kc7 63. Ng1 Kb6 64. Nh3 Kxb5 65. Nf2
Kc4 66. Nxe4 d4+ 67. Ke2 Bc7 68. Nd2+ Kc3 69. Nb1+ Kc4 70. Na3+ Kc3 71. Nb5+
1/2-1/2

[Event "?"]
[Site "?"]
[Date "????.??.??"]
[Round "?"]
[White "Walter, G."]
[Black "Nickl, K."]
[Result "1-0"]
[WhiteElo "2233"]
[BlackElo "2101"]
[PlyCount "111"]
[EventDate "2013.??.??"]
[WhiteTeam "Brandenburg"]
[BlackTeam "Steiermark"]

1. e4 e5 2. Nf3 Nc6 3. Nc3 Nf6 4. d4 exd4 5. Nxd4 Bb4 6. Nxc6 bxc6 7. Bd3 d5 8.
exd5 cxd5 9. Qe2+ Qe7 10. Qxe7+ Kxe7 11. O-O c6 12. Re1+ Be6 13. a3 Bd6 14. Ne2
Rhe8 15. Nd4 Kf8 16. Bg5 c5 17. Nxe6+ Rxe6 18. c4 Rxe1+ 19. Rxe1 dxc4 20. Bxc4
Re8 21. Rxe8+ Nxe8 22. Kf1 Nc7 23. Ke2 h6 24. Be3 Ke7 25. Kd3 f5 26. f3 Kd7 27.
h3 Kc6 28. g4 fxg4 29. hxg4 Nd5 30. Bd2 Be7 31. Ke4 Nb6 32. b3 Bf6 33. Bf7 Nc8
34. Be8+ Kb6 35. Kd5 Bb2 36. a4 a5 37. Bd7 Ne7+ 38. Kd6 Ng6 39. f4 Bd4 40. Bf5
Nh8 41. Ke7 g6 42. Be4 h5 43. gxh5 gxh5 44. f5 c4 45. bxc4 Bc5+ 46. Ke6 Bb4 47.
Bg5 Kc5 48. Bf6 Kxc4 49. Bxh8 h4 50. Be5 Kb3 51. Bc6 h3 52. f6 Kc4 53. Bd6 Bc3
54. f7 Bg7 55. Kf5 Kb3 56. Kg6 1-0

[Event "?"]
[Site "?"]
[Date "????.??.??"]
[Round "?"]
[White "Kratschmer, H."]
[Black "Grottke, H."]
[Result "1/2-1/2"]
[WhiteElo "2139"]
[BlackElo "2220"]
[PlyCount "71"]
[EventDate "2013.??.??"]
[WhiteTeam "Steiermark"]
[BlackTeam "Brandenburg"]

1. d4 d5 2. Nf3 Nf6 3. c4 c6 4. Nc3 dxc4 5. a4 Bf5 6. e3 e6 7. Bxc4 Bb4 8. O-O
Nbd7 9. Qe2 Bg6 10. Rd1 O-O 11. Bd2 a5 12. Ne5 Nxe5 13. dxe5 Nd7 14. f4 Qe7 15.
Rac1 Rfd8 16. Na2 Bc5 17. Bc3 Bb6 18. Bd4 Bxd4 19. Rxd4 Nb6 20. Rcd1 Rxd4 21.
Rxd4 Nxa4 22. Bxe6 Qxe6 23. Qd1 f6 24. Rd6 Qxa2 25. Rd8+ Rxd8 26. Qxd8+ Kf7 27.
Qd7+ Kf8 28. Qd6+ Ke8 29. Qb8+ Ke7 30. Qd6+ Ke8 31. Qb8+ Kd7 32. Qxb7+ Kd8 33.
Qb8+ Ke7 34. Qd6+ Kf7 35. Qd7+ Kf8 36. Qd6+ 1/2-1/2

[Event "?"]
[Site "?"]
[Date "????.??.??"]
[Round "?"]
[White "Hedin, G."]
[Black "Titz, H."]
[Result "0-1"]
[WhiteElo "2125"]
[BlackElo "2204"]
[PlyCount "130"]
[EventDate "2013.??.??"]
[WhiteTeam "Schweden 2"]
[BlackTeam "Wien"]

1. d4 Nf6 2. c4 e6 3. Nc3 Bb4 4. e3 c5 5. Nge2 cxd4 6. exd4 O-O 7. a3 Be7 8.
Nf4 d5 9. cxd5 Nxd5 10. Ncxd5 exd5 11. Bd3 Nc6 12. O-O Bf6 13. Be3 Qd6 14. Qh5
g6 15. Qxd5 Qxd5 16. Nxd5 Bxd4 17. Bxd4 Nxd4 18. Rad1 Ne6 19. Rfe1 Nc5 20. Bc4
Be6 21. b4 Na4 22. Ne7+ Kg7 23. Bxe6 fxe6 24. Rxe6 Rf7 25. Re3 Kf8 26. Rde1 Rd8
27. h4 Nb6 28. Kf1 Nc4 29. Re6 Nxa3 30. h5 gxh5 31. R1e5 Nc4 32. Rd5 Re8 33.
Rc5 b5 34. Rxb5 Rfxe7 35. Rxe7 Rxe7 36. Rxh5 Nd2+ 37. Kg1 Ne4 38. f3 Nf6 39.
Rf5 Kf7 40. g4 Ke6 41. Ra5 Nd5 42. b5 Kd6 43. Kf2 Rb7 44. Kg3 Nc7 45. g5 Nxb5
46. Kg4 Kc5 47. f4 Kb4 48. Ra6 Nd4 49. f5 Kb5 50. Rd6 Kc5 51. Ra6 Nc6 52. g6
hxg6 53. f6 Kb5 54. Ra1 a5 55. Kg5 a4 56. Kxg6 Ne5+ 57. Kf5 Nf7 58. Rg1 Ka6 59.
Ra1 Ka5 60. Ke6 Ra7 61. Rh1 a3 62. Ra1 Kb6 63. Rh1 Nd8+ 64. Kd5 a2 65. Ra1 Kb5
0-1

[Event "?"]
[Site "?"]
[Date "????.??.??"]
[Round "?"]
[White "Singer, H."]
[Black "Nordstrom, F."]
[Result "1/2-1/2"]
[WhiteElo "2168"]
[BlackElo "2116"]
[PlyCount "61"]
[EventDate "2013.??.??"]
[WhiteTeam "Wien"]
[BlackTeam "Schweden 2"]

1. d4 d5 2. Nf3 Nf6 3. e3 Bf5 4. c4 c6 5. Nc3 e6 6. Nh4 Bg6 7. Qb3 Qb6 8. c5
Qc7 9. Nxg6 hxg6 10. g3 Nbd7 11. Bg2 b6 12. cxb6 axb6 13. e4 dxe4 14. Bf4 Bd6
15. Bxd6 Qxd6 16. Nxe4 Nxe4 17. Bxe4 Nf6 18. Bg2 Nd5 19. O-O O-O 20. Rac1 Rfc8
21. a3 Rc7 22. Rc2 Rac8 23. Rfc1 c5 24. dxc5 Rxc5 25. Rxc5 bxc5 26. Rd1 c4 27.
Qc2 Qc5 28. Bxd5 exd5 29. Qc3 f6 30. h4 Kf7 31. Rd4 1/2-1/2

[Event "?"]
[Site "?"]
[Date "????.??.??"]
[Round "?"]
[White "Korman, U."]
[Black "Dueckstein, A."]
[Result "1/2-1/2"]
[WhiteElo "2150"]
[BlackElo "2192"]
[PlyCount "46"]
[EventDate "2013.??.??"]
[WhiteTeam "Schweden 2"]
[BlackTeam "Wien"]

1. e4 e5 2. Nf3 Nc6 3. Bb5 Bc5 4. c3 Qe7 5. O-O a6 6. Ba4 b5 7. Bb3 d6 8. d4
Bb6 9. a4 Rb8 10. Re1 Nf6 11. h3 Bd7 12. Na3 b4 13. Nc4 bxc3 14. bxc3 Na5 15.
Ba2 Nxc4 16. Bxc4 a5 17. Ba3 c5 18. Rb1 O-O 19. Bb5 Rfc8 20. Qd3 Be8 21. Re2
Qc7 22. d5 c4 23. Qd1 Bc5 1/2-1/2

[Event "?"]
[Site "?"]
[Date "????.??.??"]
[Round "?"]
[White "Strobel, F."]
[Black "Wademark, H."]
[Result "1/2-1/2"]
[WhiteElo "2099"]
[BlackElo "2080"]
[PlyCount "25"]
[EventDate "2013.??.??"]
[WhiteTeam "Wien"]
[BlackTeam "Schweden 2"]

1. f4 d5 2. Nf3 c5 3. e3 Nc6 4. Bb5 Bd7 5. b3 e6 6. Bxc6 Bxc6 7. Bb2 Nf6 8. Ne5
Rc8 9. d3 Be7 10. Nd2 b5 11. O-O Bb7 12. Rf3 c4 13. Bd4 1/2-1/2

[Event "?"]
[Site "?"]
[Date "????.??.??"]
[Round "?"]
[White "Beniest, R."]
[Black "Weiß, W."]
[Result "1-0"]
[WhiteElo "2138"]
[BlackElo "2189"]
[PlyCount "37"]
[EventDate "2013.??.??"]
[WhiteTeam "Belgien 2"]
[BlackTeam "BSW/DBAG 1"]

1. d4 d6 2. Nf3 Bg4 3. c4 c6 4. Nc3 g6 5. g3 Bxf3 6. exf3 Bg7 7. Be3 Nd7 8. f4
Ngf6 9. Bh3 Qa5 10. O-O b5 11. d5 cxd5 12. cxb5 e6 13. a3 O-O 14. b4 Qd8 15.
Rc1 Nb6 16. a4 Nc4 17. Bd4 Qd7 18. Bxf6 Bxf6 19. Nxd5 1-0

[Event "?"]
[Site "?"]
[Date "????.??.??"]
[Round "?"]
[White "Hollstein, J."]
[Black "Schrickx, F."]
[Result "1-0"]
[WhiteElo "2067"]
[BlackElo "1901"]
[PlyCount "35"]
[EventDate "2013.??.??"]
[WhiteTeam "BSW/DBAG 1"]
[BlackTeam "Belgien 2"]

1. d4 Nf6 2. Nf3 e6 3. Bg5 d5 4. Nbd2 Be7 5. e3 O-O 6. Bd3 b6 7. Qe2 Bb7 8.
Bxf6 Bxf6 9. h4 Nd7 10. O-O-O e5 11. dxe5 Nxe5 12. Nxe5 Bxe5 13. Bxh7+ Kxh7 14.
Qh5+ Kg8 15. Qxe5 Re8 16. Qf4 Qe7 17. Nf3 c5 18. h5 1-0

[Event "?"]
[Site "?"]
[Date "????.??.??"]
[Round "?"]
[White "Gneiss, K."]
[Black "Siegmund, R."]
[Result "1/2-1/2"]
[WhiteElo "2134"]
[BlackElo "2130"]
[PlyCount "58"]
[EventDate "2013.??.??"]
[WhiteTeam "Salzburg"]
[BlackTeam "Dresden-Striesen 1990"]

1. e4 c5 2. Nf3 Nc6 3. d4 cxd4 4. Nxd4 Nf6 5. Nc3 e5 6. Ndb5 d6 7. Bg5 a6 8.
Na3 b5 9. Bxf6 gxf6 10. Nd5 Bg7 11. c4 b4 12. Nc2 a5 13. c5 dxc5 14. Bb5 Bd7
15. Nce3 Kf8 16. Rc1 Nd4 17. Rxc5 Rc8 18. Rxc8 Bxc8 19. Qc1 Bh6 20. Bd3 Rg8 21.
Qc5+ Kg7 22. Ne7 Re8 23. N3d5 Be6 24. O-O Kh8 25. Nc6 Nxc6 26. Qxc6 Rg8 27. g3
Kg7 28. f3 Qa8 29. Qxa8 Rxa8 1/2-1/2

[Event "?"]
[Site "?"]
[Date "????.??.??"]
[Round "?"]
[White "Glasewald, S."]
[Black "Stürzenbaum, A."]
[Result "1/2-1/2"]
[WhiteElo "2075"]
[BlackElo "2156"]
[PlyCount "36"]
[EventDate "2013.??.??"]
[WhiteTeam "Dresden-Striesen 1990"]
[BlackTeam "Salzburg"]

1. d4 Nf6 2. Nc3 d5 3. Bg5 Nbd7 4. Nf3 g6 5. Ne5 Bg7 6. g3 O-O 7. Qd2 c6 8. h4
Qc7 9. Bf4 Nxe5 10. Bxe5 Qd8 11. g4 h6 12. g5 hxg5 13. hxg5 Nh5 14. Bxg7 Kxg7
15. O-O-O Qd6 16. e4 Bd7 17. e5 Qc7 18. Bd3 Rh8 1/2-1/2

[Event "?"]
[Site "?"]
[Date "????.??.??"]
[Round "?"]
[White "Koller, H."]
[Black "Groschup, G."]
[Result "1-0"]
[WhiteElo "2113"]
[BlackElo "2010"]
[PlyCount "147"]
[EventDate "2013.??.??"]
[WhiteTeam "Salzburg"]
[BlackTeam "Dresden-Striesen 1990"]

1. d4 d5 2. c4 e6 3. Nc3 Nf6 4. Bg5 c6 5. e3 Nbd7 6. Nf3 Qa5 7. Nd2 Bb4 8. Qc2
O-O 9. Be2 dxc4 10. Bxf6 Nxf6 11. Nxc4 Qg5 12. O-O b5 13. Ne5 Bb7 14. f4 Qh6
15. Rf3 g6 16. g4 Nd5 17. g5 Qg7 18. Nxd5 exd5 19. Nd7 Rfd8 20. Nf6+ Kf8 21.
Rh3 h5 22. Bxh5 gxh5 23. Rxh5 Be7 24. Nh7+ Ke8 25. f5 Rd6 26. Kh1 f6 27. gxf6
Bxf6 28. Rg1 Qf7 29. Nxf6+ Rxf6 30. Rhg5 Qe7 31. R1g3 Kd7 32. Rg7 Rf7 33. f6
Qxf6 34. Rxf7+ Qxf7 35. Qg2 Qf6 36. Rg7+ Ke8 37. Rxb7 Kf8 38. Kg1 Re8 39. Qf2
Qxf2+ 40. Kxf2 a5 41. b3 Re4 42. Rh7 Re6 43. Ke2 Rg6 44. Rc7 Rg2+ 45. Kd3 Rxa2
46. Rxc6 Ra3 47. Rc5 Rxb3+ 48. Kc2 Rxe3 49. Rxb5 Re2+ 50. Kc3 Rxh2 51. Rxa5 Rh5
52. Ra7 Rh6 53. Rd7 Rh5 54. Kb4 Ke8 55. Ra7 Rg5 56. Kc5 Rh5 57. Kd6 Rg5 58. Rh7
Kf8 59. Ke6 Rg1 60. Kxd5 Rc1 61. Kd6 Rd1 62. d5 Rd2 63. Ke6 Re2+ 64. Kd7 Rd2
65. d6 Re2 66. Rh5 Rf2 67. Rc5 Kf7 68. Re5 Rf1 69. Rc5 Rf6 70. Kc7 Ke6 71. Kc6
Rf1 72. Rc2 Re1 73. d7 Ke7 74. Kc7 1-0

[Event "?"]
[Site "?"]
[Date "????.??.??"]
[Round "?"]
[White "Barz, H."]
[Black "Prochaska, J."]
[Result "0-1"]
[WhiteElo "1974"]
[BlackElo "2003"]
[PlyCount "48"]
[EventDate "2013.??.??"]
[WhiteTeam "Dresden-Striesen 1990"]
[BlackTeam "Salzburg"]

1. e4 c5 2. Nf3 d6 3. d4 cxd4 4. Nxd4 Nf6 5. Nc3 a6 6. Bc4 e6 7. Bb3 Be7 8. g4
O-O 9. g5 Nfd7 10. Rg1 Nc5 11. Be3 b5 12. f3 Bb7 13. Qd2 Qc7 14. h4 Nc6 15. h5
Nxb3 16. axb3 b4 17. Nce2 d5 18. exd5 Nxd4 19. Nxd4 Bxd5 20. O-O-O e5 21. Nf5
Bxf3 22. g6 fxg6 23. Nxg7 Rfd8 24. Ne6 Qa5 0-1

[Event "?"]
[Site "?"]
[Date "????.??.??"]
[Round "?"]
[White "Ghijsen, P."]
[Black "Jeske, E."]
[Result "1/2-1/2"]
[WhiteElo "2187"]
[BlackElo "2231"]
[PlyCount "120"]
[EventDate "2013.??.??"]
[WhiteTeam "VAS"]
[BlackTeam "Deutschland B"]

1. d4 Nf6 2. Nf3 d5 3. c4 c6 4. e3 g6 5. Nc3 Bg7 6. Bd3 O-O 7. h3 dxc4 8. Bxc4
Bf5 9. O-O Nbd7 10. Qe2 Be4 11. Nxe4 Nxe4 12. Bd3 Ndf6 13. Qc2 Qd5 14. Nd2 Nxd2
15. Bxd2 e5 16. Bc4 Qd6 17. dxe5 Qxe5 18. Bc3 Qe7 19. Rfd1 Rad8 20. Rxd8 Rxd8
21. Rd1 Rxd1+ 22. Qxd1 Ne8 23. Bxg7 Nxg7 24. Qd4 b6 25. e4 Ne8 26. e5 Nc7 27.
Qd6 Kf8 28. Qxc6 Qxe5 29. g3 Qe7 30. Qf3 Ne8 31. Qc3 Kg8 32. Qd4 Nd6 33. Bd3 f6
34. Qc3 Kg7 35. h4 Nf7 36. Bf1 Ne5 37. Bg2 Qd7 38. Qc2 Qe7 39. a3 Ng4 40. Qd2
Qc7 41. Bf3 Ne5 42. Be2 Qe7 43. Kg2 Qb7+ 44. Kg1 Qf3 45. Qd1 Qe4 46. Kh2 Qc6
47. Kg1 Kf7 48. Qd2 Qe4 49. Qd1 Ke7 50. Qd2 Ke6 51. Qd1 Ke7 52. Qd2 Nc6 53. Bf1
Nd4 54. Bg2 Qe5 55. Qh6 Qe1+ 56. Bf1 Nf3+ 57. Kg2 Qe4 58. Qxh7+ Kd6 59. Qxa7
Ne1+ 60. Kg1 Qf3 1/2-1/2

[Event "?"]
[Site "?"]
[Date "????.??.??"]
[Round "?"]
[White "Weidlich, G."]
[Black "Lindner, J."]
[Result "1/2-1/2"]
[WhiteElo "2281"]
[BlackElo "2157"]
[PlyCount "52"]
[EventDate "2013.??.??"]
[WhiteTeam "Deutschland B"]
[BlackTeam "VAS"]

1. Nf3 f5 2. d4 Nf6 3. g3 e6 4. Bg2 Be7 5. O-O O-O 6. c4 d6 7. Nc3 Qe8 8. b3
Nc6 9. d5 Nd8 10. dxe6 Nxe6 11. Nd5 Nxd5 12. cxd5 Bf6 13. Rb1 Nc5 14. Bb2 f4
15. b4 Na4 16. Bxf6 Rxf6 17. Rc1 fxg3 18. hxg3 Bd7 19. Rxc7 Rc8 20. Rxc8 Qxc8
21. Ng5 Nc3 22. Qd2 Qc4 23. Bf3 h6 24. Rc1 Rxf3 25. Kg2 Rf5 26. Rxc3 Qxd5+
1/2-1/2

[Event "?"]
[Site "?"]
[Date "????.??.??"]
[Round "?"]
[White "Jongsma, A."]
[Black "Knaak, J."]
[Result "1/2-1/2"]
[WhiteElo "2148"]
[BlackElo "2197"]
[PlyCount "101"]
[EventDate "2013.??.??"]
[WhiteTeam "VAS"]
[BlackTeam "Deutschland B"]

1. e4 c5 2. Nf3 d6 3. d4 cxd4 4. Nxd4 Nf6 5. f3 g6 6. c4 Bg7 7. Nc3 O-O 8. Be3
Nc6 9. Be2 Nxd4 10. Bxd4 Be6 11. O-O Nh5 12. f4 Bxd4+ 13. Qxd4 Ng7 14. g4 f5
15. exf5 gxf5 16. g5 Bf7 17. Rae1 e5 18. fxe5 Qxg5+ 19. Kh1 dxe5 20. Qxe5 Rae8
21. Qg3 Qxg3 22. hxg3 b6 23. Kg2 Re5 24. Kf2 Rfe8 25. b3 Bh5 26. Bxh5 Rxe1 27.
Rxe1 Rxe1 28. Kxe1 Nxh5 29. Kf2 Nf6 30. Nb5 a5 31. Nd6 Ng4+ 32. Ke2 Kg7 33.
Nxf5+ Kf6 34. Ne3 Ne5 35. a3 h5 36. Nf1 a4 37. bxa4 Nxc4 38. Kd3 Nb2+ 39. Kc3
Nxa4+ 40. Kb4 Nc5 41. Kb5 Nd7 42. Ne3 Ke5 43. Ng2 Ke4 44. Nh4 Ne5 45. a4 Nd7
46. Kc6 Nc5 47. a5 bxa5 48. Kxc5 Ke3 49. Nf5+ Kf3 50. Kb5 Kg4 51. Ng7 1/2-1/2

[Event "?"]
[Site "?"]
[Date "????.??.??"]
[Round "?"]
[White "Escher, H."]
[Black "Van Dongen, R."]
[Result "1/2-1/2"]
[WhiteElo "2120"]
[BlackElo "1986"]
[PlyCount "99"]
[EventDate "2013.??.??"]
[WhiteTeam "Deutschland B"]
[BlackTeam "VAS"]

1. Nf3 Nf6 2. d4 d5 3. Bf4 c6 4. e3 g6 5. Bd3 Bg4 6. Nbd2 Bg7 7. c3 Nh5 8. Qb3
Nxf4 9. exf4 Bxf3 10. Nxf3 Qc7 11. f5 Nd7 12. O-O gxf5 13. Bxf5 e6 14. Rfe1
O-O-O 15. Bh3 Qf4 16. Qc2 Kc7 17. Re2 Rhg8 18. Qd2 Qf6 19. Qg5 Bh8 20. Qxf6
Bxf6 21. Kf1 Nf8 22. Ne5 Bxe5 23. Rxe5 Ng6 24. Re3 Rg7 25. g3 Rdg8 26. Rae1 h5
27. f4 Ne7 28. f5 Nxf5 29. Bxf5 exf5 30. Re7+ Kb6 31. Rd7 f6 32. Ree7 Rxe7 33.
Rxe7 h4 34. Kf2 hxg3+ 35. hxg3 Rg4 36. Kf3 Re4 37. Rf7 Re1 38. Rxf6 Ra1 39.
Rxf5 Rxa2 40. g4 Rxb2 41. g5 Rh2 42. g6 Rh8 43. g7 Rg8 44. Rf7 a5 45. Ke3 Ka6
46. Kd3 b6 47. Kc2 a4 48. Kb2 Kb5 49. Rc7 c5 50. dxc5 1/2-1/2

[Event "?"]
[Site "?"]
[Date "????.??.??"]
[Round "?"]
[White "Bußler, J."]
[Black "Hülsmann, J."]
[Result "0-1"]
[WhiteElo "2024"]
[BlackElo "2180"]
[PlyCount "70"]
[EventDate "2013.??.??"]
[WhiteTeam "SV Bannewitz"]
[BlackTeam "Mattadore Rheinld"]

1. d4 e6 2. c4 d5 3. Nc3 f5 4. Bf4 Bd6 5. Bxd6 Qxd6 6. c5 Qe7 7. Nf3 Nd7 8. e3
Ngf6 9. Bd3 Ne4 10. Qc2 c6 11. b4 e5 12. dxe5 Nxe5 13. Nxe5 Qxe5 14. Rc1 O-O
15. f4 Qe7 16. Bxe4 dxe4 17. Ne2 Be6 18. Nd4 Rfd8 19. O-O Rd5 20. a3 Rad8 21.
Qa4 a6 22. Qc2 Bf7 23. Rcd1 h6 24. a4 a5 25. bxa5 Rxc5 26. Qb2 Rxa5 27. Qb6
Rad5 28. Nxf5 Qa3 29. Qxd8+ Rxd8 30. Rxd8+ Kh7 31. Re1 Bg6 32. Nd6 Qxa4 33. Kf2
Bh5 34. h3 Qa2+ 35. Kf1 Bf3 0-1

[Event "?"]
[Site "?"]
[Date "????.??.??"]
[Round "?"]
[White "Groß, W."]
[Black "Schmidt, G."]
[Result "1/2-1/2"]
[WhiteElo "2223"]
[BlackElo "2093"]
[PlyCount "46"]
[EventDate "2013.??.??"]
[WhiteTeam "Mattadore Rheinld"]
[BlackTeam "SV Bannewitz"]

1. c4 Nf6 2. g3 g6 3. Bg2 Bg7 4. Nc3 O-O 5. d4 d6 6. Nf3 c5 7. O-O Nc6 8. d5
Na5 9. Nd2 a6 10. Qc2 Rb8 11. b3 b5 12. Bb2 bxc4 13. bxc4 Ng4 14. Nd1 Bxb2 15.
Nxb2 e6 16. e4 exd5 17. cxd5 Bd7 18. Nbc4 Nxc4 19. Nxc4 Bb5 20. a4 Bxc4 21.
Qxc4 Qa5 22. Qe2 Nf6 23. f4 Qc3 1/2-1/2

[Event "?"]
[Site "?"]
[Date "????.??.??"]
[Round "?"]
[White "Heinig, J."]
[Black "Kurka, D."]
[Result "1-0"]
[WhiteElo "1828"]
[BlackElo "2069"]
[PlyCount "73"]
[EventDate "2013.??.??"]
[WhiteTeam "SV Bannewitz"]
[BlackTeam "Mattadore Rheinld"]

1. d4 d5 2. c4 e6 3. Nf3 Be7 4. Nc3 Nf6 5. Bg5 Nbd7 6. cxd5 exd5 7. e3 O-O 8.
Be2 Re8 9. O-O Nf8 10. Qc2 Bg4 11. Ne5 Bxe2 12. Qxe2 c6 13. a3 a5 14. Rfc1 Ng6
15. Nxg6 hxg6 16. Bh4 Nd7 17. Bxe7 Qxe7 18. Na4 b5 19. Nc5 Nb6 20. b3 Rec8 21.
Rc2 a4 22. b4 Nc4 23. Qg4 Rd8 24. h4 Rd6 25. Qg5 Rf6 26. Re2 Re8 27. Raa2 Qd6
28. e4 Qf4 29. exd5 Rxe2 30. Rxe2 Qxd4 31. Re8+ Kh7 32. Nd7 Qxf2+ 33. Kh2 Qf4+
34. Qxf4 Rxf4 35. Nf8+ Kh6 36. dxc6 Nb6 37. Nd7 1-0

[Event "?"]
[Site "?"]
[Date "????.??.??"]
[Round "?"]
[White "Neumann, H."]
[Black "Köhn, W."]
[Result "1/2-1/2"]
[WhiteElo "1908"]
[BlackElo "1531"]
[PlyCount "61"]
[EventDate "2013.??.??"]
[WhiteTeam "Mattadore Rheinld"]
[BlackTeam "SV Bannewitz"]

1. d4 Nf6 2. c4 e6 3. Nc3 Bb4 4. a3 Bxc3+ 5. bxc3 c5 6. Qc2 b6 7. e4 d6 8. Bg5
h6 9. Bf4 Nh5 10. Be3 e5 11. Be2 Nf6 12. Rd1 Qc7 13. h3 Bd7 14. Nf3 Nc6 15. d5
Ne7 16. O-O O-O 17. Kh2 Ng6 18. g3 Nh7 19. Bd3 Qc8 20. Ng1 f5 21. Qe2 fxe4 22.
Bxe4 Bf5 23. Bg2 Qd8 24. Qh5 Qf6 25. g4 Bd7 26. Be4 Nf4 27. Bxh7+ Kxh7 28. g5
Nxh5 29. gxf6 Nxf6 30. Ne2 Bc8 31. f4 1/2-1/2

[Event "?"]
[Site "?"]
[Date "????.??.??"]
[Round "?"]
[White "Jones, I."]
[Black "Giulian, P."]
[Result "1/2-1/2"]
[WhiteElo "2225"]
[BlackElo "2230"]
[PlyCount "36"]
[EventDate "2013.??.??"]
[WhiteTeam "Wales"]
[BlackTeam "Schottland"]

1. d4 d5 2. Nf3 e6 3. Bf4 Bd6 4. Bxd6 Qxd6 5. Nbd2 Nf6 6. c4 O-O 7. e3 Nc6 8.
Be2 e5 9. dxe5 Nxe5 10. cxd5 Qxd5 11. O-O Bg4 12. Nxe5 Bxe2 13. Qxe2 Qxe5 14.
Nf3 Qe7 15. Rfd1 Rfd8 16. h3 c6 17. Qc4 Rxd1+ 18. Rxd1 Rd8 1/2-1/2

[Event "?"]
[Site "?"]
[Date "????.??.??"]
[Round "?"]
[White "Bhopal, R."]
[Black "Thornton, J."]
[Result "1/2-1/2"]
[WhiteElo "2077"]
[BlackElo "2029"]
[PlyCount "121"]
[EventDate "2013.??.??"]
[WhiteTeam "Schottland"]
[BlackTeam "Wales"]

1. Nf3 d5 2. d4 e6 3. Bf4 f5 4. e3 Nf6 5. Bd3 Be7 6. h3 b6 7. Ne5 O-O 8. Nd2 c5
9. c3 Bb7 10. Qe2 Nc6 11. Ndf3 Rc8 12. Ng5 c4 13. Bc2 Qd6 14. Ng6 Qd7 15. Nxf8
Rxf8 16. Nf3 b5 17. O-O b4 18. Ne5 Qd8 19. Nxc6 Bxc6 20. f3 Qa5 21. cxb4 Qxb4
22. Rfb1 Nd7 23. Bg3 Bf6 24. Be1 Qd6 25. f4 Nb6 26. a3 Rf7 27. Bb4 Qc7 28. Ba5
g5 29. Qf2 Rg7 30. Kh1 Qf7 31. Rg1 g4 32. Bd1 Qh5 33. g3 Qxh3+ 34. Qh2 Qxh2+
35. Kxh2 Nc8 36. Bb4 Rb7 37. Rg2 Bd8 38. Kg1 h5 39. Rh2 Be8 40. Rb1 a5 41. Bc5
a4 42. Kf1 Be7 43. Bxe7 Nxe7 44. Ke1 Nc8 45. Bc2 Nd6 46. Kd1 Kg7 47. Kd2 Ne4+
48. Bxe4 fxe4 49. b4 axb3 50. Kc3 Ra7 51. Kb2 Kf6 52. Rbh1 Ra4 53. Rc1 Bg6 54.
Ra1 Ke7 55. Rah1 Kf6 56. Rh4 Ra8 57. R4h2 Bf7 58. Rf2 Bg6 59. Kc3 Rxa3 60. Kb4
Ra8 61. Kc3 1/2-1/2

[Event "?"]
[Site "?"]
[Date "????.??.??"]
[Round "?"]
[White "Dawson, A."]
[Black "Van Kemenade, R."]
[Result "0-1"]
[WhiteElo "1900"]
[BlackElo "2018"]
[PlyCount "84"]
[EventDate "2013.??.??"]
[WhiteTeam "Schottland"]
[BlackTeam "Wales"]

1. c4 e5 2. g3 Nc6 3. Bg2 f5 4. Nc3 Nf6 5. d3 d6 6. Nf3 g6 7. O-O Bg7 8. e4 O-O
9. Be3 h6 10. h3 g5 11. exf5 Bxf5 12. Qd2 Qe8 13. g4 Bg6 14. Nh2 Kh8 15. Ne2
Qd7 16. b4 e4 17. d4 d5 18. b5 Ne7 19. c5 Qxb5 20. Rab1 Qa6 21. Nc3 c6 22. Rb4
b6 23. cxb6 axb6 24. Rfb1 Nd7 25. Ra4 Qb7 26. Rxa8 Rxa8 27. Rb2 Ra3 28. Qc1 Qa7
29. Nf1 Qa5 30. Bd2 Qa6 31. Be3 c5 32. Nb5 Ra5 33. Nc7 Qc4 34. Rc2 Qa4 35. Ne6
Bxd4 36. Bxd4+ cxd4 37. h4 Nc5 38. Nxg5 e3 39. fxe3 Qxc2 40. Qa1 Qc3 41. Qd1
hxg5 42. exd4 Ne4 0-1

[Event "?"]
[Site "?"]
[Date "????.??.??"]
[Round "?"]
[White "Kirmas, J."]
[Black "Bernhardsson, S."]
[Result "1-0"]
[WhiteElo "2050"]
[BlackElo "2084"]
[PlyCount "79"]
[EventDate "2013.??.??"]
[WhiteTeam "Saale-Schachbund Halle"]
[BlackTeam "Schweden 3"]

1. e4 c5 2. c3 d5 3. exd5 Qxd5 4. d4 Nc6 5. dxc5 Qxd1+ 6. Kxd1 e5 7. Be3 Bf5 8.
Ke1 Nf6 9. f3 Nd5 10. Bf2 Nf4 11. Nd2 Bd3 12. Ne2 Bxe2 13. Bxe2 Nxg2+ 14. Kf1
Nf4 15. Bc4 f5 16. b4 Rd8 17. Be3 Nd5 18. Bxd5 Rxd5 19. Ke2 Be7 20. Nc4 Kf7 21.
Rhd1 Ke6 22. b5 Nb8 23. Rxd5 Kxd5 24. Na5 a6 25. c4+ Ke6 26. Nxb7 g5 27. c6 Rc8
28. Rb1 f4 29. Bf2 h5 30. h3 Kf5 31. Rd1 g4 32. hxg4+ hxg4 33. fxg4+ Kxg4 34.
Rg1+ Kf5 35. Rg7 Bf8 36. Rg8 Ke6 37. Bc5 axb5 38. cxb5 Nxc6 39. bxc6 Rxc6 40.
Nd8+ 1-0

[Event "?"]
[Site "?"]
[Date "????.??.??"]
[Round "?"]
[White "Andersson, G."]
[Black "Just, J."]
[Result "1/2-1/2"]
[WhiteElo "2073"]
[BlackElo "2055"]
[PlyCount "20"]
[EventDate "2013.??.??"]
[WhiteTeam "Schweden 3"]
[BlackTeam "Saale-Schachbund Halle"]

1. e4 e6 2. d4 d5 3. Nc3 dxe4 4. Nxe4 Nd7 5. Nf3 Ngf6 6. Nxf6+ Nxf6 7. Bg5 Be7
8. Bc4 O-O 9. O-O Nd5 10. Bxe7 Qxe7 1/2-1/2

[Event "?"]
[Site "?"]
[Date "????.??.??"]
[Round "?"]
[White "Franke, R."]
[Black "Danielsson, R."]
[Result "0-1"]
[WhiteElo "1991"]
[BlackElo "2071"]
[PlyCount "64"]
[EventDate "2013.??.??"]
[WhiteTeam "Saale-Schachbund Halle"]
[BlackTeam "Schweden 3"]

1. b4 e5 2. Bb2 f6 3. b5 d5 4. e3 Be6 5. Nf3 Bd6 6. d4 Nd7 7. Be2 Nh6 8. a4 O-O
9. Ba3 Bxa3 10. Nxa3 Nf7 11. c4 c6 12. O-O Qe7 13. Qb3 e4 14. Nd2 Rab8 15. Rfb1
f5 16. a5 Nh6 17. Qd1 f4 18. exf4 Qf6 19. g3 Qxd4 20. Nf1 Qf6 21. Ne3 d4 22.
Ng4 Nxg4 23. Bxg4 c5 24. Nc2 Qe7 25. Ra4 Nf6 26. Bxe6+ Qxe6 27. Qd2 Rfe8 28.
Re1 Qh3 29. Ra3 Qe6 30. Ra4 Qf7 31. Kg2 Rbd8 32. Qc1 d3 0-1